00333nam a2200121Ia 4500008004100000041000800041082001200049100001700061245004500078260004500123300003200168365001100200240624s9999 xx 000 0 und d aeng a339 CAR aCARLIN WENDY aMACROECONOMICS IMPERFECTIONS INSTITUTION c2007aNew DelhibOxford University press axlii, : 810 : p. : cm. ; 23 cRSb30